000 00556nam a2200169Ia 4500
003 GCL
005 20240530102422.0
008 140319s9999 xx 000 0 ara d
040 _aGCL /
_cGCL
082 0 4 _a810.9
_bا س
100 0 _aاندريه ميكيل
245 1 0 _aسبع حكايات من الف ليلة وليلة او ليست هناك حكايات بريئة /
_cاندريه ميكيل
260 _a[S.N] :
_bمركز الكتاب الفرنسى ،
_c1986
300 _a132
490 _aالفكر المعاصر
_v0
942 _2ddc
_cBK
999 _c32099
_d32099